| 000 | 00750nam a22002177a 4500 | ||
|---|---|---|---|
| 003 | DO-SdBNP | ||
| 005 | 20220524103117.0 | ||
| 007 | ta | ||
| 008 | 110301s2000 dr 000 0 spa d | ||
| 040 |
_aDO-SdBNP _bspa _cBNPHU |
||
| 082 |
_axxxx _bxxx |
||
| 245 | 0 | 0 |
_aDiagnóstico de conflictividad : _b´´imaginario dominicano a la hora de pronunciarse sobre el tema CONFLICTO´´ / _cpresentación Onofre Rojas |
| 260 |
_aSanto Domingo : _bUniversitaria, _c2000. |
||
| 300 |
_a96 p. : _c20 cm. |
||
| 490 | 1 |
_aUniversidad Autónoma de Santo Domingo ; _v982 ; |
|
| 590 | _aInventariado, 2022/ YL | ||
| 700 | 1 | 2 |
_aRojas, Onofre _epres. _981450 |
| 830 | 0 |
_pUniversidad Autónoma de Santo Domingo _n982 _981667 |
|
| 910 | _aYLockward | ||
| 942 |
_2ddc _cLBS1 |
||
| 999 |
_c51797 _d51797 |
||